Invertir y ganar: análisis técnico para inversiones. Forex, acciones, commodities

Guardat en:
Dades bibliogràfiques
Autor principal: Pantanetti, Mariano (autor)
Format: Llibre
Idioma:espanyol
Publicat: Buenos Aires Gran Aldea Editores 2011
Edició:2a. ed
Matèries:
Etiquetes: Afegir etiqueta
Sense etiquetes, Sigues el primer a etiquetar aquest registre!

MARC

LEADER 00000cam a2200000 a 4500
001 UCF1738
003 CL-VaPUC
008 120723e20110100AG |||||||||||||||||spa|d
020 |a 9789871301447 
082 0 4 |a 330  |b PAN  |2 21 
100 |a Pantanetti, Mariano  |e autor  |9 563232 
245 1 0 |a Invertir y ganar: análisis técnico para inversiones. Forex, acciones, commodities 
250 |a 2a. ed 
300 |a 184 p 
942 |c BK 
945 |d 20120723 00:00:00  |a dcastane 
260 |a Buenos Aires  |b Gran Aldea Editores  |c 2011 
650 0 |a Inversiones  |9 261520 
650 0 |a Bolsa de valores  |9 329250 
650 0 |a Acciones  |9 334173 
650 0 |a Mercado de capitales  |9 330596 
583 |a last modification  |c 20120924 09:39:57  |k Rodrigo Vera 
999 |c 348426  |d 348424 
952 |0 0  |1 0  |4 0  |6 330_000000000000000_PAN_2011  |7 0  |8 A  |9 450426  |a BIBING  |b BIBING  |d 2019-11-22  |i 4883705  |l 1  |o 330 PAN 2011  |p 4883705  |r 2025-01-20  |s 2022-08-24  |w 2019-11-22  |y BK  |k CUI 
952 |0 0  |1 0  |4 0  |6 330_000000000000000_PAN_2011  |7 0  |8 A  |9 450427  |a BIBENE  |b BIBENE  |d 2019-11-22  |i 4910826  |l 3  |m 1  |o 330 PAN 2011  |p 4910826  |r 2025-01-15  |s 2023-06-14  |w 2019-11-22  |y BK  |k ICO